Biggest Asteroids - Statistics

General Stats
  • This quiz has been taken 70 times
  • The average score is 7 of 25
Answer Stats
diameter
(km)
no. asteroid % Correct
939 1 Ceres
98%
525 4 Vesta
93%
511 2 Pallas
80%
254 3 Juno
68%
433 10 Hygiea
63%
223 16 Psyche
33%
319 52 Europa
30%
332 704 Interamnia
30%
298 511 Davida
20%
270 15 Eunomia
20%
271 87 Sylvia
20%
256 624 Hektor
15%
263 65 Cybele
13%
202 13 Egeria
13%
268 31 Euphrosyne
13%
215 48 Doris
10%
211 19 Fortuna
10%
204 29 Amphitrite
8%
254 107 Camilla
8%
209 121 Hermione
8%
254 451 Patientia
8%
208 24 Themis
8%
227 324 Bamberga
5%
218 88 Thisbe
5%
205 94 Aurora
3%
No matching quizzes found
Score Distribution
Percent of People with Each Score
Percentile by Number Answered
Your Score History
You have not taken this quiz